[Event "Hastings Masters"]
[Site "?"]
[Date "2014.12.29"]
[Round "1.6"]
[White "Kiefer, Daniel"]
[Black "Zhao, Jun"]
[Result "0-1"]
[LiveChessVersion "1.4.3"]
[BlackElo "2585"]
[WhiteElo "2255"]

1. e4 {[%clk 1:40:55]} c5 {[%clk 1:39:28]} 2. Nf3 {[%clk 1:41:20]} d6
{[%clk 1:39:47]} 3. d4 {[%clk 1:41:45]} cxd4 {[%clk 1:40:09]} 4. Nxd4
{[%clk 1:42:11]} Nf6 {[%clk 1:40:33]} 5. Nc3 {[%clk 1:42:35]} a6 {[%clk 1:38:10]}
6. Bc4 {[%clk 1:42:51]} e6 {[%clk 1:37:26]} 7. a3 {[%clk 1:43:10]} Be7
{[%clk 1:34:45]} 8. O-O {[%clk 1:43:15]} O-O {[%clk 1:34:39]} 9. Ba2
{[%clk 1:41:49]} Nc6 {[%clk 1:32:16]} 10. Kh1 Nxd4 {[%clk 0:49:50]} 11. Qxd4
{[%clk 1:28:43]} b5 {[%clk 0:50:04]} 12. f4 Bb7 {[%clk 0:50:22]} 13. f5
{[%clk 1:17:12]} e5 {[%clk 0:50:45]} 14. Qd3 {[%clk 1:15:31]} h6 {[%clk 0:44:19]}
15. Be3 {[%clk 0:53:35]} Rc8 16. Rac1 Rxc3 {[%clk 0:25:01]} 17. Qxc3
{[%clk 0:50:59]} Bxe4 {[%clk 0:12:56]} 18. Qd2 Qa8 19. Bxh6 {[%clk 0:24:47]} gxh6
{[%clk 0:10:54]} 20. Qxh6 Bxg2+ {[%clk 0:09:12]} 21. Kg1 {[%clk 0:25:26]} Bxf1
{[%clk 0:03:56]} 22. Rxf1 {[%clk 0:25:54]} Qe4 {[%clk 0:04:16]} 23. Qg6+
{[%clk 0:10:52]} Kh8 {[%clk 0:04:41]} 24. Bxf7 {[%clk 0:10:25]} Qg4+
{[%clk 0:04:27]} 25. Kh1 Qxg6 {[%clk 0:04:05]} 26. fxg6 {[%clk 0:10:42]} Kg7
{[%clk 0:04:30]} 27. Rd1 {[%clk 0:09:50]} Ne4 {[%clk 0:04:00]} 28. Rg1
{[%clk 0:09:03]} Ng5 {[%clk 0:04:00]} 29. Bb3 {[%clk 0:08:18]} Rf4
{[%clk 0:04:04]} 30. Rg3 {[%clk 0:07:47]} Kxg6 {[%clk 0:03:40]} 31. Rc3 e4 32.
Kg2 {[%clk 0:07:33]} Bf6 {[%clk 0:03:51]} 33. Rc6 {[%clk 0:07:51]} e3
{[%clk 0:03:45]} 34. Rc8 {[%clk 0:05:43]} e2 {[%clk 0:04:06]} 35. Re8
{[%clk 0:05:35]} Be5 {[%clk 0:04:27]} 0-1

[Event "Hastings Masters"]
[Site "?"]
[Date "2014.12.29"]
[Round "1.7"]
[White "Lagarde, Maxime"]
[Black "Ledger, Dave J"]
[Result "1-0"]
[LiveChessVersion "1.4.3"]
[BlackElo "2244"]
[WhiteElo "2576"]

1. e4 e5 2. Nf3 Nc6 3. Bc4 Bc5 4. O-O Nf6 5. d3 d6 6. c3 a6 7. Bb3 Ba7 8. Nbd2
O-O 9. h3 Nh5 10. Nc4 Qf6 11. Kh2 Nf4 12. Ne3 Be6 13. Ng1 Ne7 14. g3 Bxb3 15.
axb3 Ne6 16. f4 Bxe3 17. Bxe3 exf4 18. Ne2 d5 19. gxf4 dxe4 20. dxe4 Rad8 21. Qc2
Qh4 22. Ng3 g6 23. Ra5 Rd7 24. Qg2 Rd3 25. Bc1 Kh8 26. Rf3 Rfd8 27. Qe2 Rxf3 28.
Qxf3 b6 29. Rxa6 f5 30. Be3 Rf8 31. exf5 Nxf5 32. Nxf5 Rxf5 33. Qe4 Rxf4 34. Qxe6
Rf2+ 35. Kh1 1-0

[Event "Hastings Masters"]
[Site "?"]
[Date "2014.12.29"]
[Round "1.8"]
[White "Eames, Robert S"]
[Black "Sengupta, Deep"]
[Result "0-1"]
[LiveChessVersion "1.4.3"]
[BlackElo "2566"]
[WhiteElo "2237"]

1. e4 {[%clk 1:40:50]} e6 {[%clk 1:40:43]} 2. d4 {[%clk 1:41:08]} d5
{[%clk 1:41:04]} 3. Nc3 {[%clk 1:41:21]} Bb4 {[%clk 1:41:21]} 4. e5
{[%clk 1:41:20]} c5 {[%clk 1:41:22]} 5. a3 {[%clk 1:41:28]} Bxc3+
{[%clk 1:41:43]} 6. bxc3 {[%clk 1:41:28]} Ne7 {[%clk 1:42:06]} 7. Qg4
{[%clk 1:41:24]} O-O {[%clk 1:41:09]} 8. Bd3 {[%clk 1:41:31]} Nbc6
{[%clk 1:41:09]} 9. Qh5 {[%clk 1:39:02]} Ng6 {[%clk 1:39:04]} 10. Nf3
{[%clk 1:36:24]} Qc7 {[%clk 1:38:09]} 11. O-O {[%clk 1:34:31]} c4
{[%clk 1:37:51]} 12. Bxg6 {[%clk 1:22:27]} fxg6 {[%clk 1:38:16]} 13. Qg4
{[%clk 1:21:51]} Bd7 {[%clk 1:35:09]} 14. a4 {[%clk 1:18:07]} Rf7
{[%clk 1:31:20]} 15. Ng5 {[%clk 1:14:34]} Rf5 {[%clk 1:31:20]} 16. f4
{[%clk 1:13:57]} Qa5 {[%clk 1:26:56]} 17. Ra3 {[%clk 1:03:47]} Re8
{[%clk 1:17:33]} 18. Be3 {[%clk 0:57:18]} b5 {[%clk 1:09:30]} 19. Qh3
{[%clk 0:54:59]} h6 {[%clk 1:09:37]} 20. Nf3 {[%clk 0:55:11]} Ne7
{[%clk 0:59:55]} 21. Rb1 {[%clk 0:49:28]} Rb8 {[%clk 0:47:27]} 22. Nh4
{[%clk 0:43:12]} Rff8 {[%clk 0:47:19]} 23. Qg4 {[%clk 0:37:22]} Kh7
{[%clk 0:39:02]} 24. Bd2 {[%clk 0:31:34]} bxa4 {[%clk 0:35:00]} 25. Rb4
{[%clk 0:30:41]} Rxb4 {[%clk 0:33:46]} 26. cxb4 {[%clk 0:31:05]} Qb6
{[%clk 0:34:13]} 27. Bc3 {[%clk 0:17:30]} a5 {[%clk 0:34:16]} 28. Ra1
{[%clk 0:17:12]} axb4 {[%clk 0:34:24]} 29. Rb1 {[%clk 0:17:33]} b3
{[%clk 0:34:21]} 30. cxb3 {[%clk 0:16:46]} cxb3 {[%clk 0:34:43]} 31. Bb2
{[%clk 0:16:24]} Qb4 {[%clk 0:34:12]} 0-1

[Event "Hastings Masters"]
[Site "?"]
[Date "2014.12.29"]
[Round "1.9"]
[White "Hawkins, Jonathan"]
[Black "Brustkern, Juergen"]
[Result "1-0"]
[LiveChessVersion "1.4.3"]
[BlackElo "2236"]
[WhiteElo "2552"]

1. d4 {[%clk 1:40:54]} f5 {[%clk 1:40:31]} 2. e4 {[%clk 1:39:39]} fxe4
{[%clk 1:40:27]} 3. Nc3 {[%clk 1:40:03]} Nf6 {[%clk 1:40:51]} 4. Bg5
{[%clk 1:40:28]} Nc6 {[%clk 1:41:01]} 5. d5 {[%clk 1:40:07]} Ne5 {[%clk 1:41:21]}
6. Qe2 {[%clk 1:40:07]} Nf7 {[%clk 1:33:00]} 7. Bxf6 {[%clk 1:38:07]} exf6
{[%clk 1:33:13]} 8. Nxe4 {[%clk 1:38:31]} Bb4+ {[%clk 1:27:56]} 9. c3
{[%clk 1:37:54]} Be7 {[%clk 1:28:11]} 10. d6 {[%clk 1:37:18]} cxd6
{[%clk 1:28:11]} 11. Qd2 {[%clk 1:37:42]} Qa5 {[%clk 1:21:42]} 12. Nf3
{[%clk 1:33:27]} b6 {[%clk 1:18:18]} 13. b4 {[%clk 1:30:08]} Qf5 {[%clk 1:00:10]}
14. Bd3 {[%clk 1:28:29]} Qg4 {[%clk 0:58:03]} 15. Nd4 {[%clk 1:19:50]} O-O
{[%clk 0:52:46]} 16. h3 {[%clk 1:12:51]} Qh5 {[%clk 0:45:29]} 17. O-O
{[%clk 1:10:19]} Bb7 {[%clk 0:43:03]} 18. Ng3 {[%clk 1:03:45]} Qg5
{[%clk 0:42:22]} 19. f4 {[%clk 1:03:58]} 1-0

[Event "Hastings Masters"]
[Site "?"]
[Date "2014.12.29"]
[Round "1.10"]
[White "Britton, Richard L"]
[Black "Hebden, Mark L"]
[Result "0-1"]
[LiveChessVersion "1.4.3"]
[BlackElo "2523"]
[WhiteElo "2230"]

1. e4 {[%clk 1:40:56]} e5 {[%clk 1:40:52]} 2. Nf3 {[%clk 1:41:21]} Nc6
{[%clk 1:41:10]} 3. Bb5 {[%clk 1:41:42]} a6 {[%clk 1:41:26]} 4. Ba4
{[%clk 1:42:07]} Nf6 {[%clk 1:41:34]} 5. O-O {[%clk 1:42:31]} Be7
{[%clk 1:41:24]} 6. Re1 {[%clk 1:42:56]} b5 {[%clk 1:41:38]} 7. Bb3
{[%clk 1:43:20]} O-O {[%clk 1:41:36]} 8. c3 {[%clk 1:43:46]} d6 {[%clk 1:41:50]}
9. h3 {[%clk 1:44:11]} Na5 {[%clk 1:42:08]} 10. Bc2 {[%clk 1:44:36]} c5
{[%clk 1:42:32]} 11. d4 {[%clk 1:45:01]} Qc7 {[%clk 1:42:51]} 12. Nbd2
{[%clk 1:45:26]} Be6 {[%clk 1:43:13]} 13. d5 {[%clk 1:43:50]} Bd7
{[%clk 1:43:35]} 14. b3 {[%clk 1:44:17]} g6 {[%clk 1:43:58]} 15. Nf1
{[%clk 1:40:23]} Nh5 {[%clk 1:44:22]} 16. Bh6 {[%clk 1:37:41]} Ng7
{[%clk 1:44:44]} 17. g4 {[%clk 1:16:02]} Nb7 {[%clk 1:35:39]} 18. Kh2
{[%clk 1:09:57]} f6 {[%clk 1:35:13]} 19. c4 {[%clk 1:07:21]} Rfb8
{[%clk 1:35:02]} 20. Ng3 {[%clk 0:59:43]} Nd8 {[%clk 1:34:56]} 21. Bd2
{[%clk 0:47:42]} Nf7 {[%clk 1:34:43]} 22. Rg1 {[%clk 0:47:21]} Kh8
{[%clk 1:34:05]} 23. Qe2 {[%clk 0:44:13]} a5 {[%clk 1:26:58]} 24. a4
{[%clk 0:44:08]} bxa4 {[%clk 1:27:11]} 25. bxa4 {[%clk 0:44:32]} Rb2
{[%clk 1:26:18]} 26. Bc3 {[%clk 0:44:46]} Rb4 {[%clk 1:26:39]} 27. Bxb4
{[%clk 0:40:35]} cxb4 {[%clk 1:26:21]} 28. Nd2 {[%clk 0:40:49]} Nd8
{[%clk 1:25:59]} 29. Raf1 {[%clk 0:19:57]} Nb7 {[%clk 1:26:14]} 30. f4
{[%clk 0:20:02]} exf4 {[%clk 1:26:10]} 31. Rxf4 {[%clk 0:19:37]} Nc5
{[%clk 1:26:28]} 32. Qd1 {[%clk 0:13:46]} Qd8 {[%clk 1:23:55]} 33. Nf5
{[%clk 0:09:16]} gxf5 {[%clk 1:22:46]} 34. gxf5 {[%clk 0:09:41]} Bf8
{[%clk 1:22:11]} 35. Rh4 {[%clk 0:09:42]} Be8 {[%clk 1:19:19]} 36. Qg4
{[%clk 0:06:10]} Qe7 {[%clk 1:12:47]} 37. Nf3 {[%clk 0:04:51]} b3
{[%clk 1:05:09]} 38. Bb1 {[%clk 0:04:44]} Nd7 {[%clk 1:04:22]} 39. Qf4
{[%clk 0:03:19]} Ne5 {[%clk 1:02:51]} 40. Nd4 {[%clk 0:03:26]} Nh5
{[%clk 1:01:01]} 41. Qf2 {[%clk 0:25:27]} Bh6 {[%clk 1:49:35]} 42. Ne6
{[%clk 0:24:51]} Bg5 {[%clk 1:49:28]} 43. Rhg4 {[%clk 0:02:08]} Nxg4+
{[%clk 1:49:45]} 44. Rxg4 {[%clk 0:02:33]} Bf7 {[%clk 1:47:17]} 45. e5
{[%clk 0:02:21]} Bxe6 {[%clk 1:46:41]} 46. fxe6 {[%clk 0:02:20]} fxe5
{[%clk 1:45:05]} 47. Qf5 {[%clk 0:02:41]} Bf4+ {[%clk 1:44:36]} 48. Kg2
{[%clk 0:03:02]} Nf6 {[%clk 1:44:10]} 49. Rxf4 {[%clk 0:01:49]} exf4
{[%clk 1:44:10]} 50. c5 {[%clk 0:02:14]} Rg8+ {[%clk 1:41:45]} 51. Kf1
{[%clk 0:02:08]} Qg7 {[%clk 1:39:57]} 0-1

[Event "Hastings Masters"]
[Site "?"]
[Date "2014.12.29"]
[Round "1.11"]
[White "Vakhidov, Jahongir"]
[Black "Ternault, Mathieu"]
[Result "1-0"]
[LiveChessVersion "1.4.3"]
[BlackElo "2225"]
[WhiteElo "2502"]

1. d4 {[%clk 1:29:41]} d5 {[%clk 1:40:54]} 2. c4 {[%clk 1:28:50]} c6
{[%clk 1:41:19]} 3. Nc3 {[%clk 1:29:02]} dxc4 {[%clk 1:41:12]} 4. e3
{[%clk 1:29:19]} b5 {[%clk 1:41:37]} 5. a4 {[%clk 1:29:42]} b4 {[%clk 1:41:59]}
6. Ne4 {[%clk 1:30:05]} Qd5 {[%clk 1:41:09]} 7. Nd2 {[%clk 1:30:26]} Ba6
{[%clk 1:40:29]} 8. Ne2 {[%clk 1:30:37]} Nf6 {[%clk 1:36:04]} 9. Nf4
{[%clk 1:28:39]} Qa5 {[%clk 1:28:21]} 10. Nxc4 {[%clk 1:05:35]} Bxc4
{[%clk 1:24:40]} 11. Bxc4 {[%clk 1:04:38]} Nbd7 {[%clk 1:20:30]} 12. O-O
{[%clk 1:03:40]} e6 {[%clk 1:19:35]} 13. Qf3 {[%clk 0:59:45]} Rc8
{[%clk 1:19:23]} 14. e4 {[%clk 0:56:24]} Nb6 {[%clk 1:04:14]} 15. Bd3
{[%clk 0:47:45]} Be7 {[%clk 0:56:18]} 16. e5 {[%clk 0:42:12]} Nfd7
{[%clk 0:55:30]} 17. Bd2 {[%clk 0:38:42]} Nd5 {[%clk 0:50:44]} 18. Nh5
{[%clk 0:37:24]} Bf8 {[%clk 0:50:07]} 19. Rfc1 {[%clk 0:37:30]} g6
{[%clk 0:48:24]} 20. Ng3 {[%clk 0:36:44]} Be7 {[%clk 0:41:11]} 21. Bh6
{[%clk 0:27:28]} Bf8 {[%clk 0:33:31]} 22. Ne4 {[%clk 0:26:33]} f5
{[%clk 0:29:55]} 23. exf6 {[%clk 0:23:31]} Bxh6 {[%clk 0:29:27]} 24. Nd6+
{[%clk 0:23:36]} Kf8 {[%clk 0:29:04]} 25. Qh3 {[%clk 0:19:17]} N7xf6
{[%clk 0:23:16]} 26. Qxh6+ {[%clk 0:19:25]} Ke7 {[%clk 0:23:43]} 27. Nb7
{[%clk 0:18:41]} 1-0

[Event "Hastings Masters"]
[Site "?"]
[Date "2014.12.29"]
[Round "1.12"]
[White "Kheit, Wahbi"]
[Black "Gormally, Daniel W"]
[Result "0-1"]
[LiveChessVersion "1.4.3"]
[BlackElo "2499"]
[WhiteElo "2223"]

1. e4 {[%clk 1:40:56]} c5 {[%clk 1:40:49]} 2. Nf3 d6 {[%clk 1:41:00]} 3. d4
{[%clk 1:41:10]} cxd4 {[%clk 1:41:21]} 4. Nxd4 {[%clk 1:41:19]} Nf6
{[%clk 1:41:43]} 5. Nc3 {[%clk 1:40:11]} a6 {[%clk 1:42:05]} 6. Nf3
{[%clk 1:39:32]} Nbd7 {[%clk 1:37:45]} 7. Be2 {[%clk 1:38:47]} e6
{[%clk 1:36:13]} 8. O-O {[%clk 1:37:08]} b5 {[%clk 1:32:51]} 9. Qd4
{[%clk 1:34:35]} e5 {[%clk 1:24:47]} 10. Qe3 {[%clk 1:33:28]} Bb7
{[%clk 1:25:12]} 11. b4 {[%clk 1:32:42]} Be7 {[%clk 1:23:16]} 12. Nh4
{[%clk 1:29:55]} g6 {[%clk 1:21:04]} 13. a4 {[%clk 1:26:54]} bxa4
{[%clk 1:19:33]} 14. h3 {[%clk 1:25:27]} O-O {[%clk 1:17:36]} 15. Rxa4
{[%clk 1:23:29]} Nb6 {[%clk 1:16:53]} 16. Ra3 {[%clk 1:20:30]} d5
{[%clk 1:16:37]} 17. Rd1 {[%clk 1:16:11]} Nfd7 {[%clk 1:06:29]} 18. Nf3
{[%clk 1:13:31]} d4 {[%clk 1:06:31]} 19. Nxd4 {[%clk 1:11:19]} exd4
{[%clk 1:06:39]} 20. Qxd4 {[%clk 1:11:03]} Bf6 {[%clk 1:05:04]} 21. Qd2
{[%clk 1:08:39]} Re8 {[%clk 1:01:29]} 22. f3 {[%clk 1:06:53]} Qc7
{[%clk 0:55:06]} 23. Qd6 {[%clk 1:04:04]} Qxd6 {[%clk 0:53:50]} 24. Rxd6
{[%clk 1:04:23]} Be7 {[%clk 0:53:39]} 25. Rd4 {[%clk 1:03:00]} a5
{[%clk 0:53:05]} 26. Rxa5 {[%clk 0:56:58]} Rxa5 {[%clk 0:49:46]} 27. bxa5
{[%clk 0:57:24]} Bc5 {[%clk 0:50:07]} 28. Be3 {[%clk 0:56:14]} Bxd4
{[%clk 0:50:32]} 29. Bxd4 {[%clk 0:56:16]} Na8 {[%clk 0:49:06]} 30. a6
{[%clk 0:55:40]} Bc6 {[%clk 0:48:07]} 31. Nb5 {[%clk 0:52:56]} Rb8
{[%clk 0:44:01]} 32. c4 {[%clk 0:50:27]} Nf8 {[%clk 0:40:29]} 33. Kf2
{[%clk 0:49:29]} Ne6 {[%clk 0:40:52]} 34. Ba7 {[%clk 0:47:49]} Rd8
{[%clk 0:40:40]} 35. Nc3 {[%clk 0:46:08]} f5 {[%clk 0:35:20]} 36. Nd5
{[%clk 0:42:52]} Kf7 {[%clk 0:35:45]} 37. Be3 {[%clk 0:41:32]} fxe4
{[%clk 0:32:47]} 38. fxe4 {[%clk 0:41:35]} Rb8 {[%clk 0:32:54]} 39. Kf3
{[%clk 0:40:40]} Rb3 {[%clk 0:32:19]} 40. Kf2 {[%clk 0:38:54]} Nac7
{[%clk 0:22:56]} 41. a7 {[%clk 0:35:32]} Ra3 {[%clk 0:15:28]} 42. g3
{[%clk 0:33:47]} Na6 {[%clk 0:12:27]} 43. Bg4 {[%clk 0:31:16]} Nac5
{[%clk 0:06:46]} 44. Bxe6+ {[%clk 0:30:06]} Nxe6 {[%clk 0:07:12]} 45. Ke2
{[%clk 0:28:42]} Bb7 {[%clk 0:06:05]} 46. Kd2 {[%clk 0:26:25]} Nd8
{[%clk 0:06:09]} 47. Nc3 {[%clk 0:25:48]} Nc6 {[%clk 0:04:09]} 48. Bc5
{[%clk 0:25:21]} Ra1 {[%clk 0:03:27]} 49. Nb5 {[%clk 0:22:40]} Ke6
{[%clk 0:03:36]} 50. Be3 {[%clk 0:20:19]} Ne5 {[%clk 0:00:31]} 51. Bd4
{[%clk 0:16:30]} Nf3+ {[%clk 0:48:08]} 52. Ke3 {[%clk 1:06:47]} Nxd4
{[%clk 0:48:08]} 53. Kxd4 {[%clk 1:07:06]} Bc6 {[%clk 0:47:46]} 54. a8=Q
{[%clk 1:06:17]} Bxa8 {[%clk 0:47:55]} 0-1

[Event "Hastings Masters"]
[Site "?"]
[Date "2014.12.29"]
[Round "1.13"]
[White "Arkell, Keith C"]
[Black "Marusenko, Petr"]
[Result "1-0"]
[LiveChessVersion "1.4.3"]
[BlackElo "2194"]
[WhiteElo "2489"]

1. c4 {[%clk 1:40:50]} f5 {[%clk 1:40:55]} 2. d4 {[%clk 1:41:12]} Nf6
{[%clk 1:41:18]} 3. g3 {[%clk 1:41:30]} g6 {[%clk 1:41:43]} 4. Nc3
{[%clk 1:41:45]} Bg7 {[%clk 1:42:09]} 5. Bg2 {[%clk 1:42:00]} O-O
{[%clk 1:42:33]} 6. Nf3 {[%clk 1:42:09]} d6 {[%clk 1:42:58]} 7. O-O
{[%clk 1:42:32]} Qe8 {[%clk 1:43:25]} 8. d5 {[%clk 1:42:57]} a5 {[%clk 1:43:49]}
9. Nd4 {[%clk 1:41:43]} Na6 {[%clk 1:43:14]} 10. e4 {[%clk 1:34:29]} fxe4
{[%clk 1:39:28]} 11. Nxe4 {[%clk 1:34:35]} Nxe4 {[%clk 1:39:50]} 12. Bxe4
{[%clk 1:35:01]} Nc5 {[%clk 1:33:00]} 13. Bg2 {[%clk 1:34:51]} Bd7
{[%clk 1:33:18]} 14. Be3 {[%clk 1:31:44]} Qf7 {[%clk 1:27:56]} 15. Qd2
{[%clk 1:31:23]} b6 {[%clk 1:22:58]} 16. Rfe1 {[%clk 1:21:04]} Rae8
{[%clk 1:22:15]} 17. Rac1 {[%clk 1:21:19]} Qf6 {[%clk 1:21:17]} 18. b3
{[%clk 1:17:20]} Kh8 {[%clk 1:17:09]} 19. Nb5 {[%clk 1:06:16]} Bxb5
{[%clk 1:14:57]} 20. cxb5 {[%clk 1:06:41]} Qf5 {[%clk 1:11:02]} 21. Rc4
{[%clk 0:53:46]} Qd7 {[%clk 0:50:15]} 22. Bf1 {[%clk 0:48:56]} e5
{[%clk 0:38:02]} 23. dxe6 {[%clk 0:43:35]} Qxe6 {[%clk 0:36:36]} 24. Bg2
{[%clk 0:43:02]} Qf5 {[%clk 0:30:37]} 25. Rd1 {[%clk 0:33:28]} Re7
{[%clk 0:28:52]} 26. Qc2 {[%clk 0:31:38]} Qxc2 {[%clk 0:18:41]} 27. Rxc2
{[%clk 0:30:23]} Rf5 {[%clk 0:15:01]} 28. h4 {[%clk 0:27:19]} Rfe5
{[%clk 0:13:59]} 29. Bd5 {[%clk 0:24:59]} h5 {[%clk 0:06:16]} 30. a3
{[%clk 0:22:51]} Kh7 {[%clk 0:06:39]} 31. b4 {[%clk 0:22:00]} axb4
{[%clk 0:07:01]} 32. axb4 {[%clk 0:22:27]} Ne4 {[%clk 0:06:43]} 33. Bf4
{[%clk 0:21:21]} Nc3 {[%clk 0:03:42]} 34. Bxe5 {[%clk 0:21:24]} Nxd1
{[%clk 0:04:09]} 35. Bxg7 {[%clk 0:21:08]} Kxg7 {[%clk 0:04:33]} 36. Kf1
{[%clk 0:21:02]} Re5 {[%clk 0:02:03]} 37. Bf3 {[%clk 0:20:58]} Rxb5
{[%clk 0:02:25]} 38. Rxc7+ {[%clk 0:21:11]} Kf6 {[%clk 0:02:50]} 39. Bxd1
{[%clk 0:21:33]} Rxb4 {[%clk 0:03:15]} 40. Rc6 {[%clk 0:21:07]} Ke5
{[%clk 0:02:25]} 41. Bc2 {[%clk 0:19:47]} Kd5 {[%clk 0:50:14]} 42. Rc8
{[%clk 1:10:00]} 1-0

[Event "Hastings Masters"]
[Site "?"]
[Date "2014.12.29"]
[Round "1.14"]
[White "Rolvag, Mikael"]
[Black "Flear, Glenn C"]
[Result "0-1"]
[LiveChessVersion "1.4.3"]
[BlackElo "2460"]
[WhiteElo "2191"]

1. c4 {[%clk 1:40:50]} b6 {[%clk 1:38:53]} 2. Nc3 {[%clk 1:37:08]} Bb7
{[%clk 1:38:58]} 3. e4 {[%clk 1:37:34]} e6 {[%clk 1:39:03]} 4. Nge2
{[%clk 1:37:59]} g6 {[%clk 1:31:22]} 5. g3 {[%clk 1:23:17]} Bg7 {[%clk 1:30:54]}
6. Bg2 {[%clk 1:23:07]} Ne7 {[%clk 1:30:31]} 7. O-O {[%clk 1:22:30]} O-O
{[%clk 1:30:35]} 8. d3 {[%clk 1:16:23]} c5 {[%clk 1:25:56]} 9. d4
{[%clk 4:45:02]} cxd4 {[%clk 1:16:31]} 10. Nxd4 {[%clk 0:56:50]} Nbc6
{[%clk 1:16:05]} 11. Ndb5 {[%clk 0:46:04]} Nc8 {[%clk 1:10:58]} 12. Be3
{[%clk 0:42:51]} a6 {[%clk 1:02:16]} 13. Nd4 {[%clk 0:41:42]} Rb8
{[%clk 0:55:39]} 14. Qd2 {[%clk 0:36:43]} Ne5 {[%clk 0:46:35]} 15. Qe2
{[%clk 0:33:58]} Qc7 {[%clk 0:44:26]} 16. b3 {[%clk 0:31:27]} b5 {[%clk 0:40:42]}
17. f4 {[%clk 0:21:56]} Nc6 {[%clk 0:40:30]} 18. e5 {[%clk 0:18:04]} Nxd4
{[%clk 0:40:03]} 19. Bxd4 {[%clk 0:18:25]} Bxg2 {[%clk 0:34:41]} 20. Kxg2
{[%clk 0:17:01]} bxc4 {[%clk 0:25:06]} 21. Qxc4 {[%clk 0:17:00]} Qb7+
{[%clk 0:19:03]} 22. Kh3 {[%clk 0:17:05]} d6 {[%clk 0:17:37]} 23. Qe2
{[%clk 0:16:24]} Ne7 {[%clk 0:15:33]} 24. Ne4 {[%clk 0:11:56]} Nf5
{[%clk 0:13:57]} 25. Bb2 {[%clk 0:12:09]} dxe5 {[%clk 0:09:08]} 26. Bxe5
{[%clk 0:11:07]} f6 {[%clk 0:04:42]} 27. Bxb8 {[%clk 0:10:50]} Qxb8
{[%clk 0:04:04]} 28. g4 {[%clk 0:07:05]} Nd4 {[%clk 0:04:12]} 29. Qc4
{[%clk 0:05:14]} f5 {[%clk 0:04:13]} 30. gxf5 {[%clk 0:05:29]} gxf5
{[%clk 0:03:41]} 31. Nc5 {[%clk 0:03:31]} Rf6 {[%clk 0:02:32]} 32. Rad1
{[%clk 0:02:12]} Rh6+ {[%clk 0:02:08]} 33. Kg3 {[%clk 0:02:34]} Rg6+
{[%clk 0:02:01]} 34. Kh3 {[%clk 0:02:09]} Rh6+ {[%clk 0:02:16]} 35. Kg3
{[%clk 0:02:38]} Qd8 {[%clk 0:02:21]} 36. Rxd4 {[%clk 0:01:09]} Bxd4
{[%clk 0:02:09]} 37. Kf3 {[%clk 0:00:46]} Qa8+ {[%clk 0:01:01]} 38. Ke2
{[%clk 0:01:00]} Bxc5 {[%clk 0:00:51]} 39. Qxc5 {[%clk 0:01:06]} Rxh2+
{[%clk 0:01:08]} 40. Kd1 {[%clk 0:01:15]} Qd8+ {[%clk 0:01:22]} 41. Rh1 Qd8+ 0-1

[Event "Hastings Masters"]
[Site "?"]
[Date "2014.12.29"]
[Round "1.15"]
[White "Kjartansson, Gudmundur"]
[Black "Byron, Alan M"]
[Result "1-0"]
[LiveChessVersion "1.4.3"]
[BlackElo "2188"]
[WhiteElo "2451"]

1. Nf3 {[%clk 1:40:56]} Nf6 {[%clk 1:37:15]} 2. c4 {[%clk 1:40:53]} g6
{[%clk 1:35:45]} 3. Nc3 {[%clk 1:40:24]} c5 {[%clk 1:35:45]} 4. g3
{[%clk 1:41:09]} Nc6 {[%clk 1:35:57]} 5. Bg2 {[%clk 1:41:03]} Bg7
{[%clk 1:36:10]} 6. d4 {[%clk 1:41:24]} cxd4 {[%clk 1:36:33]} 7. Nxd4
{[%clk 1:41:50]} O-O {[%clk 1:36:32]} 8. O-O {[%clk 1:42:16]} Nxd4
{[%clk 1:34:23]} 9. Qxd4 {[%clk 1:42:29]} d6 {[%clk 1:34:49]} 10. Qd3
{[%clk 1:41:45]} Nd7 {[%clk 1:30:37]} 11. e4 {[%clk 1:35:38]} Ne5
{[%clk 1:20:27]} 12. Qe2 {[%clk 1:32:05]} Bg4 {[%clk 1:19:19]} 13. f3
{[%clk 1:31:38]} Be6 {[%clk 1:19:42]} 14. Nd5 {[%clk 1:31:37]} Rc8
{[%clk 1:19:24]} 15. Bg5 {[%clk 1:30:36]} f6 {[%clk 1:12:51]} 16. Be3
{[%clk 1:28:28]} Nxc4 {[%clk 0:58:04]} 17. Bxa7 {[%clk 1:27:01]} f5
{[%clk 0:46:14]} 18. Rac1 {[%clk 1:16:52]} Bxd5 {[%clk 0:35:55]} 19. exd5
{[%clk 1:17:11]} Qa5 {[%clk 0:33:58]} 20. Bf2 {[%clk 1:12:14]} Qxa2
{[%clk 0:29:15]} 21. Qe6+ {[%clk 1:00:49]} Kh8 {[%clk 0:29:38]} 22. Qxe7
{[%clk 1:00:01]} b5 {[%clk 0:22:34]} 23. b4 {[%clk 0:52:59]} Qd2 {[%clk 0:13:00]}
24. Rfd1 {[%clk 0:10:40]} Qxb4 {[%clk 0:12:09]} 25. Rb1 {[%clk 0:10:53]} Nb2
{[%clk 0:08:32]} 26. Qe2 {[%clk 0:07:45]} Rfe8 {[%clk 0:07:04]} 27. Qd2
{[%clk 0:08:04]} Qxd2 {[%clk 0:04:49]} 28. Rxd2 {[%clk 0:08:30]} Nc4
{[%clk 0:05:16]} 29. Rd3 {[%clk 0:07:07]} Rb8 {[%clk 0:05:03]} 30. Rb4
{[%clk 0:04:46]} Rec8 {[%clk 0:02:36]} 31. Bf1 {[%clk 0:04:14]} Kg8
{[%clk 0:01:53]} 32. Be2 {[%clk 0:00:48]} Bf6 {[%clk 0:01:40]} 33. Kg2
{[%clk 0:00:52]} Re8 {[%clk 0:01:00]} 34. Bf1 {[%clk 0:01:03]} Rec8
{[%clk 0:00:59]} 35. Be2 {[%clk 0:01:14]} Re8 {[%clk 0:01:27]} 36. Bf1
{[%clk 0:01:26]} Rec8 {[%clk 0:00:55]} 37. f4 {[%clk 0:00:50]} Kf7
{[%clk 0:01:14]} 38. Be2 {[%clk 0:00:46]} Re8 {[%clk 0:00:56]} 39. Bf1
{[%clk 0:00:59]} Rec8 {[%clk 0:01:20]} 40. Be2 {[%clk 0:00:35]} Re8
{[%clk 0:00:45]} 41. Bf1 {[%clk 0:48:01]} Rec8 {[%clk 0:23:00]} 42. h3
{[%clk 0:44:31]} h6 {[%clk 0:19:14]} 43. Be2 {[%clk 0:42:26]} Nb2
{[%clk 0:16:41]} 44. Rdb3 {[%clk 0:37:53]} Rc2 {[%clk 0:16:50]} 45. Kf3
{[%clk 0:35:04]} g5 {[%clk 0:13:17]} 46. g4 {[%clk 0:29:59]} fxg4+
{[%clk 0:12:43]} 47. hxg4 {[%clk 0:30:24]} h5 {[%clk 0:08:03]} 48. fxg5
{[%clk 0:29:37]} hxg4+ {[%clk 0:08:28]} 49. Kxg4 {[%clk 0:29:49]} Rg8
{[%clk 0:07:07]} 50. Bh4 {[%clk 0:23:08]} Be5 {[%clk 0:03:05]} 51. Bxb5
{[%clk 0:14:38]} Kg6 {[%clk 0:02:55]} 52. Bg3 {[%clk 0:07:44]} Rg2
{[%clk 0:02:32]} 53. Kh3 {[%clk 0:02:52]} Rxg3+ {[%clk 0:01:45]} 54. Rxg3
{[%clk 0:03:18]} Bxg3 {[%clk 0:02:13]} 55. Kxg3 {[%clk 0:02:38]} Nd1
{[%clk 0:01:22]} 56. Bd3+ {[%clk 0:02:58]} Kg7 {[%clk 0:00:49]} 57. Rb7+
{[%clk 0:02:36]} Kf8 {[%clk 0:00:35]} 58. Rb8+ {[%clk 0:00:40]} Kf7
{[%clk 0:00:38]} 59. g6+ {[%clk 0:00:43]} Kg7 {[%clk 0:01:06]} 60. Rb7+
{[%clk 0:00:59]} Kf6 {[%clk 0:00:50]} 61. Rf7+ {[%clk 0:00:35]} Ke5
{[%clk 0:01:18]} 62. g7 {[%clk 0:14:59]} 1-0

[Event "Hastings International Chess Congress"]
[Site "?"]
[Date "2014.12.29"]
[Round "1.16"]
[White "Haussernot, Cecile"]
[Black "Gledura, Benjamin"]
[Result "0-1"]
[LiveChessVersion "1.4.4"]
[BlackElo "2450"]
[WhiteElo "2186"]

1. e4 e5 2. Nf3 Nc6 3. d4 exd4 4. Nxd4 Nf6 5. Nxc6 bxc6 6. e5 Qe7 7. Qe2 Nd5 8.
c4 Nb6 9. Nc3 Qe6 10. b3 a5 11. Bb2 a4 12. Ne4 Bb4+ 13. Kd1 O-O 14. Qe3 d5 15.
exd6 f5 16. Qg5 Qd7 17. Ng3 a3 18. Be5 Bxd6 19. Bxd6 Qxd6+ 20. Kc2 Qd4 21. Rb1 f4
22. Ne2 Qxf2 23. Rd1 Bf5+ 24. Kc1 Qe3+ 25. Rd2 Qe4 26. Kd1 Rae8 27. Qxf4 Qb1+ 28.
Nc1 Bc2+ 0-1